| 000 | 00337 a2200133 4500 | ||
|---|---|---|---|
| 001 | 88312 | ||
| 082 | _aPR 549 | ||
| 090 |
_c41732 _d41732 |
||
| 100 | _aSheikh Sohail Bin Farid | ||
| 245 | _aDesign of sandwich structure using ANSYS | ||
| 260 |
_aRisalpur _bNUST Risalpur _c2002 |
||
| 300 |
_a25p. _eTanweer |
||
| 500 | _aBE Project Reports | ||
| 942 |
_aCAE NUST _kPR 549 |
||
| 999 |
_c323385 _d323385 |
||